000 01747cam a2200373 a 4500
001 EDZ0000019011
003 StDuBDS
005 20161031105210.0
006 m||||||||d||||||||
007 cr |||||||||||
008 110107s2008 cau fo 001|0|eng d
020 _a9781412965811 (ebook) :
_cNo price
040 _aStDuBDS
_beng
_cStDuBDS
_epn
049 _aAlfaisal Main Library
050 4 _aJC585
082 0 4 _a320.512
_222
245 0 4 _aThe encyclopedia of libertarianism
_h[electronic resource] /
_ceditor-in-chief, Ronald Hamowy ; assistant editors, Jason Kuznicki, Aaron Steelman ; consulting editor, Deirdre McCloskey ; founding and consulting editor, Jeffrey D. Schultz.
260 _aThousand Oaks, Calif. ;
_aLondon :
_bSAGE,
_cc2008.
300 _a1 online resource (xxxvii, 623 p.)
500 _a"A project of the Cato Institute."
500 _a"A SAGE reference publication."
520 8 _aWith 100 entries, this handbook highlights the most important topics, issues, questions and debates any student obtaining a degree in the field of education ought to have mastered. The book aims to offer more detail than encyclopedic entries but with less jargon or detail than a journal article or research handbook chapter.
521 _aSpecialized.
588 _aDescription based on print version record.
504 _aIncludes bibliographical references and index.
650 0 _aLibertarianism
_vEncyclopedias.
655 7 _aElectronic books.
_2local
700 1 _aHamowy, Ronald,
_d1937-
710 2 _aSage eBooks
710 2 _aCato Institute.
776 0 8 _iPrint version :
_z9781412965804
856 4 0 _uhttp://ezproxy.alfaisal.edu/login?url=http://sk.sagepub.com/reference/libertarianism
942 _2lcc
_cEBOOKS
999 _c481504
_d481504